| 000 | 00588nam a2200157 i 4500 | ||
|---|---|---|---|
| 001 | bg | ||
| 100 | 1 |
_aPROSNAK, Włodzimierz J. _d(1925- ). |
|
| 245 | 1 | 0 |
_aWprowadzenie do numerycznej mechaniki płynów. _nCz.2, _pMetody rozwiązywania zagadnień różniczkowych zwyczajnych / Włodzimierz J. Prosnak. |
| 260 |
_aGdańsk : _bInstytut Maszyn Przepływowych PAN, _c1985. |
||
| 490 | 1 |
_aSzkoła Letnia Mechaniki Płynów, _x0239-9091 |
|
| 830 |
_aSzkoła Letnia Mechaniki Płynów, _x0239-9091 |
||
| 040 | _cBPK | ||
| 041 | _apol | ||
| 942 | _cKS | ||
| 008 | s pl f |000 0 pol | ||
| 999 |
_c28334 _d28334 |
||
| 856 |
_uhttp://koha.tu.koszalin.pl/cgi-bin/koha/opac-detail.pl?biblionumber=28334 _yKatalog online BPK |
||